Our next President ; the incredible story of what happened in the 1968 elections.

Bibliographic Details
Main Author: Baker, Russell, 1925-
Format: Book
Language:English
Published: New York : Atheneum, 1968.
Edition:[1st ed.].
Subjects:

MARC

Tag First Indicator Second Indicator Subfields
LEADER 00000cam a2200000 4500
001 in00000690803
005 20170417154134.0
008 680301s1968 nyu 00001 eng
010 |a  68023262  
035 |a (OCoLC)00442888 
035 |9 ADA2603AM 
040 |a DLC  |c DLC  |d TXA  |d UtOrBLW 
049 |a TXAM  |c [916535] 
050 0 0 |a PZ4.B16966  |b Ou 
090 |a PS3552.A4343  |b O97 1968 
100 1 |a Baker, Russell,  |d 1925- 
245 1 0 |a Our next President ;  |b the incredible story of what happened in the 1968 elections. 
250 |a [1st ed.]. 
264 1 |a New York :  |b Atheneum,  |c 1968. 
300 |a 108 pages ;  |c 21 cm. 
336 |a text  |b txt  |2 rdacontent 
337 |a unmediated  |b n  |2 rdamedia 
338 |a volume  |b nc  |2 rdacarrier 
650 0 |a Presidents  |z United States  |x Election  |y 1968  |v Fiction. 
999 |a MARS 
999 f f |s 2b012868-7403-3155-bd52-9ab93bd2e981  |i d05f6bb2-45d9-3532-b56b-603d97e278a8  |t 0 
952 f f |p ric  |a Texas A&M University  |b Rellis Campus  |c Joint Library Facility  |d Remote Storage  |t 0  |e PS3552.A4343 O97 1968  |h Library of Congress classification  |i unmediated -- volume  |m A14804301756 
998 f f |a PS3552.A4343 O97 1968  |t 0  |l Remote Storage